00637 a2200193 4500003000400000005001700004008004100021020001800062040000900080082002000089100002700109245004900136250001200185260003000197300001400227942004600241952013900287999001700426OSt20260305125342.0260305b |||||||| |||| 00| 0 eng d a9789362547620 coclc a894.8123bABB/A aAbbas, Muhammad910610 aAnaz Ahamadinte Kumbasaram /bMuhammad Abbas a3th ed. aKottayambD C Booksc2024 a158 pages 2ddccBKh894.8123iABB/Ak894.8123mABB/A 00102ddc40708FICaMESbMEScMALd2026-03-05g199.00l0o894.8123 ABB/Ap46084r2026-03-05 12:31:08v199.00w2026-03-05yBKzGR24R2 c44620d44620